000 00609nam a22001937i 4500
999 _c23239
_d23239
003 AR-CdUCM
008 250305b20202020 pe||||| |||| 00| 0 spa d
020 _a978-612-4305-27-6
040 _aMUNICIPALIDAD PROVINCIAL DEL CUSCO
_cBIBLIOTECA MUNICIPAL DEL CUSCO
041 _hspa
082 _aPI / 869.57 / G77A
_bG77A
100 _aGraña, Javier
_951082
245 _aAntonia y su amigo el miedo /
260 _aLima :
_bPenguin Random House Grupo Editorial S.A.
_c2020
300 _a30 páginas. :
_c20x20 cm.
505 _aAntonia y su amigo el miedo
942 _2ddc
_cLIBROS
945 _apbjr
_d5-03-2025